Villes (ou régions) d'origine de personnages de Pokémon - Statistiques

Statistiques générales
  • Ce quiz a été pris 38 fois
  • Le résultat moyen est 12 sur 30
Statistiques - réponses
Personnage Ville/Région % Correct
Sacha (anime) Bourg Palette
100%
Ondine (anime) Azuria
89%
Pierre Argenta
81%
Régis (anime)/Blue Bourg Palette
81%
Red Bourg Palette
81%
Giovanni Jadielle
74%
Major Bob (région) Unys
67%
Cynthia Célestia
48%
Serena Bourg Croquis
44%
Aurore Bonaugure
41%
Flora (anime) Clémenti-Ville
41%
Peter Ebenelle
41%
Pierre Rochard Algatia
37%
Professeur Sorbier Littorella
37%
Hélio Rivamar
37%
Matis Pavonnay
33%
Pania (région) Galar
30%
Tarak Paddoxton
30%
Rosemary Smashings
30%
Goyah Amaillide
26%
Tili Lili'i
26%
Olga (région) Iles Sevii
22%
Spectra Mont Mémoria
22%
Norman Oliville
22%
Néphie Konikoni
19%
Barbara Konikoni
19%
Kiawe Ohana
19%
Paul (anime) Voilaroc
19%
Iris Village des Dragons
11%
Eusine Céladopole
7%
Aucun quiz correspondant
Distribution des résultats
% des personnes avec chaque résultat
Percentile par nombre de réponses
Votre historique - résultats
Vous n’avez pas pris ce quiz